Carte topologique des États-Unis - Statistiques

Statistiques générales
  • Ce quiz a été pris 5 474 fois
  • Le résultat moyen est 16 sur 48
Réponses sur la Carte
Les réponses sont colorées sur une échelle allant du rouge au vert en fonction du pourcentage des utilisateurs qui les ont devinées à leur premier essai. Vous pouvez retrouver ces pourcentages ci-dessous.
 
Statistiques - réponses
Réponse % Correct
Californie
65%
Washington
59%
Maine
53%
Oregon
52%
Texas
48%
Nevada
44%
Nouveau-Mexique
44%
Arizona
43%
Vermont
42%
New York
41%
Floride
40%
Dakota du Sud
39%
Dakota du Nord
38%
Idaho
38%
Montana
38%
Utah
38%
Louisiane
36%
Alabama
34%
Colorado
34%
New Hampshire
34%
Rhode Island
33%
Pennsylvanie
32%
Mississippi
31%
Connecticut
30%
Michigan
30%
Minnesota
30%
Caroline du Nord
29%
Massachusetts
29%
Oklahoma
29%
Wyoming
29%
Géorgie
28%
Virginie
28%
New Jersey
27%
Ohio
27%
Caroline du Sud
26%
Illinois
26%
Kansas
26%
Tennessee
26%
Kentucky
25%
Maryland
25%
Nebraska
25%
Wisconsin
25%
Arkansas
24%
Delaware
24%
Indiana
24%
Virginie-Occidentale
24%
Missouri
23%
Iowa
21%
Aucun quiz correspondant
Distribution des résultats
% des personnes avec chaque résultat
Percentile par nombre de réponses
Votre historique - résultats
Vous n’avez pas pris ce quiz